Cultivating Demand for the Arts (Record no. 351915)
[ view plain ]
| 000 -LEADER | |
|---|---|
| fixed length control field | 00676nam a2200133Ia 4500 |
| 008 - FIXED-LENGTH DATA ELEMENTS--GENERAL INFORMATION | |
| fixed length control field | 171212s9999 xx 000 0 und d |
| 020 ## - INTERNATIONAL STANDARD BOOK NUMBER | |
| International Standard Book Number | 9780833041845 |
| 100 ## - MAIN ENTRY--PERSONAL NAME | |
| Personal name | Zakaras, Laura;Lowell, Julia F. |
| 245 ## - TITLE STATEMENT | |
| Statement of responsibility, etc | Zakaras, Laura;Lowell, Julia F. |
| Title | Cultivating Demand for the Arts |
| Remainder of title | Arts Learning, Arts Engagement, and State Arts Policy |
| 260 ## - PUBLICATION, DISTRIBUTION, ETC. (IMPRINT) | |
| Name of publisher, distributor, etc | RAND Corporation |
| Date of publication, distribution, etc | 2008 |
| 650 ## - SUBJECT ADDED ENTRY--TOPICAL TERM | |
| Topical term or geographic name as entry element | Arts -- Economic aspects -- United States; Consumption (Economics) -- United States; U.S. states -- Cultural policy; Arts -- Study and teaching -- United States; Art appreciation -- Study and teaching -- United States |
| 650 ## - SUBJECT ADDED ENTRY--TOPICAL TERM | |
| Topical term or geographic name as entry element | Education |
| 856 ## - ELECTRONIC LOCATION AND ACCESS | |
| Uniform Resource Identifier | <a href="www.jstor.org/stable/10.7249/mg640wf">www.jstor.org/stable/10.7249/mg640wf</a> |
| Withdrawn status | Lost status | Damaged status | Home library | Current library | Date acquired | Total Checkouts | Full call number | Date last seen | Price effective from | Koha item type |
|---|---|---|---|---|---|---|---|---|---|---|
| College Library | College Library | 12/12/2017 | NX705.5.U6Z35 2008 | 12/12/2017 | 12/12/2017 | Curriculum - Based eBooks |